| 000 | 00371 a2200145 4500 | ||
|---|---|---|---|
| 999 |
_c1042 _d1042 |
||
| 020 | _a1779004559 | ||
| 050 | _aPL8842 MBH 2002 | ||
| 100 |
_aMbhele, N.F _eauthor |
||
| 245 |
_aAmayezi _cN.F. mbhele |
||
| 264 |
_aPietermaritzburg: South Africa: _bCollge press _c2002 |
||
| 300 | _a107p. | ||
| 500 | _aNo index | ||
| 650 | _aZehla Izihlathi | ||
| 942 |
_2lcc _cBK _h8842 _iMBH _kPL |
||